=LDR 00000nam 2200000 4500 =001 NUTBA000000000002690 =005 20140624154723.0 =006 =007 =008 =020 ##$$a 979-514-4444-8 =035 ##$$a 0010-061400000000633 =040 ##$$a NBPDMAT =082 ##$$a 743.3 =090 ##$$a 743.3 $b Soe =100 ##$$a Soejono =245 ##$$a Berkreasi dengan rotan / $c oleh Soejono =250 ##$$a Cet. 7 =260 ##$$a Jakarta : $b Remaja Rosda Karya, $c 2006 =300 ##$$a 51 hlm. : $b ilus. ; $c 21 cm. =650 ##$$a Kerajinan rotan =990 ##$$a 21402507